000 01059nam a2200241 i 4500
001 18302
003 DO-SdUEMH
005 20260107150004.0
007 ta
008 260107b1988 dr |||gr|||| 10| 0 spa d
040 _aDO-SdUEMH
_bspa
_erda
041 _aspa
082 1 4 _mRD
_bE56p
245 1 0 _aPosibilidades de dominicanización de la zafra azucarera /
_cExpositores: Fernando J. Ferrán, Calos Dore Cabral, Santiago Moquete ; editor: Frank Moya Pons
264 0 1 _aSanto Domingo, República Dominicana :
_bFirum,
_c1988
300 _a124 paginas ;
_c22 cm.
336 _2rdacontent
_atexto
_btxt
337 _2rdamedia
_asin mediación
_bn
338 _2rdacarrier
_avolumen
_bnc
490 _aForum ;
_v31
505 0 _aIntroducción -- Problemas de la humanización y dominicanizacion de la Zafra Azucarera -- La dominicanizacion de la Zafra Azucarera como presión contra la explotación del picador de caña y contra la deficiencia de la agricultura haitiana -- Debate -- Posible impacto social de la diversificación azucarera.
942 _2ddc
_n0
_cBK
999 _c18302
_d18302